000 00266nam a2200121Ia 4500
008 240624s9999 xx 000 0 und d
041 _aeng
082 _a823 BAL
100 _aBALDACCI DAVID
245 _aHIT
260 _c2013
_aLondon
_bPan Macmillan
365 _cRS
999 _c25366
_d25366